<?xml version="1.0" encoding="utf-8"?>
<?xml-stylesheet type='text/xsl' href='./oai2.xsl'?>
<OAI-PMH xmlns="http://www.openarchives.org/OAI/2.0/" xmlns:xsi="http://www.w3.org/2001/XMLSchema-instance" xsi:schemaLocation="http://www.openarchives.org/OAI/2.0/ http://www.openarchives.org/OAI/2.0/OAI-PMH.xsd">
  <responseDate>2026-05-16T02:12:11Z</responseDate>
  <request verb="GetRecord" metadataPrefix="marcxml" identifier="record_kuniweb_21939">https://kulturerbe.niedersachsen.de/oai</request>
  <GetRecord>
    <record>
      <header>
        <identifier>record_kuniweb_21939</identifier>
        <datestamp>2015-06-19T12:07:43Z</datestamp>
        <setSpec>slg0103</setSpec>
      </header>
      <metadata>
        <marc:record xmlns:marc="http://www.loc.gov/MARC21/slim" xsi:schemaLocation="http://www.loc.gov/MARC21/slim http://www.loc.gov/standards/marcxml/schema/MARC21slim.xsd">
          <marc:leader>12345nem  22     uu 4500</marc:leader>
          <marc:controlfield tag="001">21939</marc:controlfield>
          <marc:controlfield tag="003">http://kuniweb.gbv.de</marc:controlfield>
          <marc:controlfield tag="005">2015-04-14T12:17:30</marc:controlfield>
          <marc:controlfield tag="008">|           ||||||||||||||||||||||</marc:controlfield>
          <marc:datafield tag="245" ind1="1" ind2="0">
            <marc:subfield code="a">Episcopatuum Monasteriensis et Osnabrugensis et Comitatuum Bentheim, Teclenburg, Stenford, Lingen, Diepholt, Delmenhorst, Rietberg etc. etc. novissima et accuratissima Designatio</marc:subfield>
          </marc:datafield>
          <marc:datafield tag="700" ind1="1" ind2=" ">
            <marc:subfield code="a">Danckerts</marc:subfield>
            <marc:subfield code="d">* 1604 † 1656</marc:subfield>
            <marc:subfield code="e">Vorbild / Ideengeber</marc:subfield>
          </marc:datafield>
          <marc:datafield tag="700" ind1="1" ind2=" ">
            <marc:subfield code="a">Lotter</marc:subfield>
            <marc:subfield code="d">* 1717 † 1777</marc:subfield>
            <marc:subfield code="e">Kupferstecher</marc:subfield>
          </marc:datafield>
          <marc:datafield tag="655" ind1=" " ind2="7">
            <marc:subfield code="a">Karten</marc:subfield>
          </marc:datafield>
          <marc:datafield tag="046" ind1=" " ind2=" ">
            <marc:subfield code="k">1731</marc:subfield>
            <marc:subfield code="k">zwischen dem Übergang Lotters zur Berufsbezeichnung Geographus 1731 und der Erteilung seines Druckprivilegs 1741</marc:subfield>
            <marc:subfield code="l">1741</marc:subfield>
          </marc:datafield>
          <marc:datafield tag="260" ind1=" " ind2=" ">
            <marc:subfield code="g">1731</marc:subfield>
            <marc:subfield code="g">1741</marc:subfield>
            <marc:subfield code="g">zwischen dem Übergang Lotters zur Berufsbezeichnung Geographus 1731 und der Erteilung seines Druckprivilegs 1741</marc:subfield>
          </marc:datafield>
          <marc:datafield tag="300" ind1=" " ind2=" ">
            <marc:subfield code="a">Höhe: 57 cm
Breite: 49,5 cm</marc:subfield>
          </marc:datafield>
          <marc:datafield tag="520" ind1=" " ind2=" ">
            <marc:subfield code="a">Maßstäbe (in cm): 5 gewöhnliche deutsche Meilen zu 15 auf einen Grad = 20 große italienische Meilen zu 60 auf einen Grad = 4 dänische und schwedische Meilen zu 12 auf einen Grad = 9,2 cm – 6  französiche Meilen oder Wegstunden zu 20 auf einen Grad = 8,2 cm
Ausrichtung: Norden
Rückseite: leer

Anmerkungen: 
Das Druckprivileg wurde nachträglich hinzugesetzt.

Literatur in Zusammenhang:
Heinz Lingenberg: Die kartographische Darstellung der Grafschaften Bentheim und Steinfurt auf gedruckten Karten von der Mitte des 17. bis zum Ende des 18. Jahrhunderts, in Jahrbuch des Heimatvereins der Grafschaft Bentheim 1981 (S. 69 bis 96), S. 88 -– Cartographica Helvetica 8 (1993), S. 32 bis 36 – Cartographica Helvetica 25 (2002), S. 2 bis 10

Veröffentlicht in:
bei Matthäus Seutter, Augsburg nach 1741</marc:subfield>
          </marc:datafield>
          <marc:datafield tag="650" ind1="1" ind2=" ">
            <marc:subfield code="a">Landkarte</marc:subfield>
          </marc:datafield>
          <marc:datafield tag="773" ind1="0" ind2=" ">
            <marc:subfield code="t">Sammlung Körber-Einbeck</marc:subfield>
          </marc:datafield>
          <marc:datafield tag="852" ind1=" " ind2=" ">
            <marc:subfield code="a">Institut für Historische Landesforschung der Universität Göttingen</marc:subfield>
          </marc:datafield>
          <marc:datafield tag="" ind1=" " ind2=" ">
            <marc:subfield code="a">Namensnennung-Nicht kommerziell 4.0 International (CC BY-NC 4.0))</marc:subfield>
          </marc:datafield>
        </marc:record>
      </metadata>
    </record>
  </GetRecord>
</OAI-PMH>
